101 Things to Do Before You're Five : (Record no. 586385)

MARC details
000 -LEADER
fixed length control field 00473nam a2200193 a 4500
008 - FIXED-LENGTH DATA ELEMENTS--GENERAL INFORMATION
fixed length control field 250910s2010##################000#0#eng##
020 ## - INTERNATIONAL STANDARD BOOK NUMBER
ISBN 9780670917945
082 04 - DEWEY DECIMAL CLASSIFICATION NUMBER
Classification number 790.1922
Item number NOR
100 1# - MAIN ENTRY--AUTHOR NAME
Personal name Norton, Sally,
245 10 - TITLE STATEMENT
Title 101 Things to Do Before You're Five :
260 ## - PUBLICATION, DISTRIBUTION, ETC. (IMPRINT)
Name of publisher Viking,
Year of publication 2010.
300 ## - PHYSICAL DESCRIPTION
Number of Pages 112 pages
650 #0 - SUBJECT ADDED ENTRY--TOPICAL TERM
Topical Term Parenting.
942 ## - ADDED ENTRY ELEMENTS (KOHA)
Koha item type English Books
Holdings
Withdrawn status Lost status Damaged status Not for loan Home library Current library Shelving location Date acquired Full call number Accession Number Price effective from Koha item type
        Anna Centenary Library Anna Centenary Library 6TH FLOOR, B WING 10.09.2025 790.1922 NOR 481944 10.09.2025 English Books

Find us on the map